Dallas Cowboys starting defense - Statistics

General Stats
  • This quiz has been taken 33 times
    4 since last reset
  • The average score is 4 of 11
Answer Stats
Hint Answer % Correct
DT Mazi Smith
75%
RE Micah Parsons
75%
RCB Trevon Diggs
75%
SS Donovan Wilson
25%
MLB Jack Sanborn
25%
MLB Kenneth Murray
25%
FS Malik Hooker
25%
DT Osa Odighizuwa
25%
LCB DaRon Blamd
0%
LE Donovan Ezeiraku
0%
NB Kaiir Elam
0%
No matching quizzes found
Score Distribution
Percent of People with Each Score
Percentile by Number Answered
Your Score History
You have not taken this quiz since the last reset